El machinchar : (Record no. 17681)

MARC details
000 -LEADER
fixed length control field 00721nam a2200241Ia 4500
001 - CONTROL NUMBER
control field 30534556
003 - CONTROL NUMBER IDENTIFIER
control field OCoLC
005 - DATE AND TIME OF LATEST TRANSACTION
control field 20170616154447.0
008 - FIXED-LENGTH DATA ELEMENTS--GENERAL INFORMATION
fixed length control field 940602s1993 nyua j 000 1 spa d
020 ## - INTERNATIONAL STANDARD BOOK NUMBER
International Standard Book Number 0590268430
020 ## - INTERNATIONAL STANDARD BOOK NUMBER
International Standard Book Number 9780590291736 (pbk.)
020 ## - INTERNATIONAL STANDARD BOOK NUMBER
International Standard Book Number 0590291734 (pbk.) (NASTA)
040 ## - CATALOGING SOURCE
Original cataloging agency CS1
Transcribing agency CS1
041 ## - LANGUAGE CODE
Language code of text/sound track or separate title spa
100 1# - MAIN ENTRY--PERSONAL NAME
Personal name Nieto, Angel.
245 13 - TITLE STATEMENT
Title El machinchar :
Remainder of title dilogo en dos voces /
Statement of responsibility, etc. por Angel Nieto ; ilustrado por Stephanie O'Shaughnessy.
260 ## - PUBLICATION, DISTRIBUTION, ETC. (IMPRINT)
Place of publication, distribution, etc. New York :
Name of publisher, distributor, etc. Scholastic,
Date of publication, distribution, etc. c1993.
300 ## - PHYSICAL DESCRIPTION
Extent 23 p. :
Other physical details col. ill. ;
Dimensions 20 x 23 cm.
650 #0 - SUBJECT ADDED ENTRY--TOPICAL TERM
Topical term or geographic name as entry element Fathers and daughters
Form subdivision Fiction.
650 #0 - SUBJECT ADDED ENTRY--TOPICAL TERM
Topical term or geographic name as entry element Color in clothing
Form subdivision Fiction.
700 1# - ADDED ENTRY--PERSONAL NAME
Personal name O'Shaughnessy, Stephanie.
942 ## - ADDED ENTRY ELEMENTS (KOHA)
Koha item type Libro/Book
Holdings
Withdrawn status Lost status Source of classification or shelving scheme Damaged status Not for loan Home library Current library Date acquired Total Checkouts Barcode Date last seen Date checked out Price effective from Koha item type
    Dewey Decimal Classification     Genizero -- Satellite Genizero -- Satellite 16/06/2017 1 35601526 05/01/2023 16/02/2021 16/06/2017 Libro/Book

Powered by Koha